<?xml version="1.0" encoding="UTF-8"?>
<collection xmlns="http://www.loc.gov/MARC21/slim">
 <record>
  <leader>00756pamaa2200217   4500</leader>
  <controlfield tag="001">0000017742</controlfield>
  <controlfield tag="005">20070130090000.0</controlfield>
  <datafield tag="020" ind1="0" ind2="0">
   <subfield code="a">1850282463 </subfield>
  </datafield>
  <datafield tag="090" ind1="0" ind2="0">
   <subfield code="a">GT85 </subfield>
   <subfield code="b">ING 1994</subfield>
  </datafield>
  <datafield tag="100" ind1="1" ind2="0">
   <subfield code="a">INGPEN </subfield>
  </datafield>
  <datafield tag="245" ind1="1" ind2="2">
   <subfield code="a">A celebration of customs &amp; rituals of the world  </subfield>
   <subfield code="c">Robert Ingpen and Philip Wilkinson.</subfield>
  </datafield>
  <datafield tag="260" ind1="0" ind2="0">
   <subfield code="a">Limpsfield [England]: </subfield>
   <subfield code="b">Dragon's World, </subfield>
   <subfield code="c">1994.</subfield>
  </datafield>
  <datafield tag="300" ind1=" " ind2=" ">
   <subfield code="a">224 p.: </subfield>
   <subfield code="b">col. ill.; </subfield>
   <subfield code="c">32cm.</subfield>
  </datafield>
  <datafield tag="650" ind1="0" ind2="0">
   <subfield code="a">Manners and customs -- </subfield>
   <subfield code="x">Juvenile literature </subfield>
  </datafield>
  <datafield tag="650" ind1="0" ind2="0">
   <subfield code="a">Rites and ceremonies -- </subfield>
   <subfield code="x">Juvenile literature </subfield>
  </datafield>
  <datafield tag="650" ind1="0" ind2="0">
   <subfield code="a">Festivals -- </subfield>
   <subfield code="x">Juvenile literature </subfield>
  </datafield>
  <datafield tag="650" ind1="0" ind2="0">
   <subfield code="a">Manners and customs </subfield>
  </datafield>
  <datafield tag="650" ind1="0" ind2="0">
   <subfield code="a">Rites and ceremonies </subfield>
  </datafield>
  <datafield tag="650" ind1="0" ind2="0">
   <subfield code="a">Festivals </subfield>
  </datafield>
  <datafield tag="700" ind1="1" ind2="1">
   <subfield code="a">Wilkinson, </subfield>
   <subfield code="h">Philip </subfield>
  </datafield>
  <datafield tag="740" ind1="0" ind2="0">
   <subfield code="a">A celebration of customs and rituals of the world</subfield>
  </datafield>
 </record>
</collection>
